000 00323nam a2200121Ia 4500
005 20251223131553.0
008 251219s9999 xx 000 0 und d
041 _aeng
100 _aCharan R
_9216035
245 _aLeadership in the era of economic uncertainity
260 _bTata Mc- Graw
_c2009
300 _a138
_bHard Bound
999 _c369570
_d369570